| 000 | 02333nam0a2200349 4500 | ||
|---|---|---|---|
| 001 | RU\NLR\BIBL_A\022548021 | ||
| 005 | 20260420044811.0 | ||
| 010 |
_a978-5-7782-5305-6 _950 |
||
| 021 |
_aRU _bКН-П-25-014429 _9КН-П-25-1465 |
||
| 035 | _a(NLR Aleph) 022548021 | ||
| 090 |
_a13673085 _c13673085 |
||
| 100 | _a20250522d2024 u y0rusy50 ca | ||
| 101 | 0 | _arus | |
| 102 | _aRU | ||
| 105 | _aa j 000yy | ||
| 181 | 0 |
_ai3 _baxxe |
|
| 182 | 0 | _an | |
| 200 | 1 |
_aРасчет абсорбционных и ректификационной установок _eучебное пособие _eпо направлениям подготовки 18.03.01 "Химическая технология" и 18.03.02 "Энерго- и ресурсосберегающие процессы в химической технологии, нефтехимии и биотехнологии" _fЮ. Л. Крутский, А. И. Апарнев, А. Г. Баннов _gМинистерство науки и высшего образования Российской Федерации, Новосибирский государственный технический университет, [Механико-технологический факультет] |
|
| 203 |
_aТекст _bвизуальный _cнепосредственный |
||
| 210 |
_aНовосибирск _cИзд-во НГТУ _d2024 |
||
| 215 |
_a134, [1] с. _cил., табл. _d21 |
||
| 320 | _aБиблиогр.: с. 132-133 (19 назв.) | ||
| 606 | 1 |
_aАбсорбционные установки _jУчебные издания для высших учебных заведений _xРасчет _92190863 _3RU\NLR\AUTH\6601552736 |
|
| 606 | 1 |
_aРектификационные аппараты _jУчебные издания для высших учебных заведений _xРасчет _92059345 _3RU\NLR\AUTH\66950411 |
|
| 686 | 1 | _aЛ113-51-02я73-1 | |
| 700 | 1 |
_aКрутский _bЮ. Л. _gЮрий Леонидович |
|
| 701 | 1 |
_aАпарнев _bА. И. _cканд. хим. наук _gАлександр Иванович _9141526 _3RU\NLR\AUTH\770141562 |
|
| 701 | 1 |
_aБаннов _bА. Г. _gАлександр Георгиевич |
|
| 942 | _cBOOK | ||
| 980 | _aNB | ||